The girl on the train / (Record no. 31122)

MARC details
000 -LEADER
fixed length control field 00809pam a2200277 i 4500
001 - CONTROL NUMBER
control field 017764323
003 - CONTROL NUMBER IDENTIFIER
control field EG-ScBUE
005 - DATE AND TIME OF LATEST TRANSACTION
control field 20260215093712.0
008 - FIXED-LENGTH DATA ELEMENTS--GENERAL INFORMATION
fixed length control field 160118s2018 enk f 000 1 eng d
020 ## - INTERNATIONAL STANDARD BOOK NUMBER
International Standard Book Number 9781784161101
040 ## - CATALOGING SOURCE
Original cataloging agency StDuBDS
Language of cataloging eng
Description conventions rda
Transcribing agency StDuBDS
Modifying agency Uk
-- EG-ScBUE
082 04 - DEWEY DECIMAL CLASSIFICATION NUMBER
Classification number 823.92
Edition number 22
Item number HAW
100 1# - MAIN ENTRY--PERSONAL NAME
Personal name Hawkins, Paula,
Relator term author.
245 14 - TITLE STATEMENT
Title The girl on the train /
Statement of responsibility, etc Paula Hawkins.
264 #1 - PUBLICATION, DISTRIBUTION, ETC. (IMPRINT)
Place of publication, distribution, etc London :
Name of publisher, distributor, etc Black Swan,
Date of publication, distribution, etc 2018.
300 ## - PHYSICAL DESCRIPTION
Extent 415 pages ;
Dimensions 20 cm
336 ## - CONTENT TYPE
Content type term text
Source rdacontent
Content type code txt
337 ## - MEDIA TYPE
Media type term unmediated
Source rdamedia
Media type code n
338 ## - CARRIER TYPE
Carrier type term volume
Source rdacarrier
Carrier type code nc
650 #0 - SUBJECT ADDED ENTRY--TOPICAL TERM
Source of heading or term BUEsh
Topical term or geographic name as entry element Railroad travel
Form subdivision Fiction
650 #0 - SUBJECT ADDED ENTRY--TOPICAL TERM
Source of heading or term BUEsh
Topical term or geographic name as entry element Commuters
Form subdivision Fiction
653 ## - INDEX TERM--UNCONTROLLED
Arrived date list February2026
Resource For college Humanities: English
655 ## - INDEX TERM--GENRE/FORM
Form subdivision Reading book
942 ## - ADDED ENTRY ELEMENTS (KOHA)
Source of classification or shelving scheme Dewey Decimal Classification
Koha item type Book - Borrowing
Holdings
Withdrawn status Lost status Source of classification or shelving scheme Damaged status Not for loan Collection code Home library Current library Shelving location Date acquired Source of acquisition Cost, normal purchase price Serial Enumeration / chronology Total Checkouts Total Renewals Full call number Barcode Date last seen Date checked out Cost, replacement price Price effective from Koha item type
    Dewey Decimal Classification     Alahram Central Library Central Library Second Floor 15/02/2026 Purchase 520.00 60 1 7 823.92 HAW 000057527 14/05/2026 10/03/2026 650.00 15/02/2026 Book - Borrowing